Sears and zemansky's university physics ,with modern physics (Record no. 570779)

000 -LEADER
fixed length control field 00546nam a22001937a 4500
003 - CONTROL NUMBER IDENTIFIER
control field CEME
005 - DATE AND TIME OF LATEST TRANSACTION
control field 20210628202727.0
008 - FIXED-LENGTH DATA ELEMENTS--GENERAL INFORMATION
fixed length control field 210120b xxu||||| |||| 00| 0 eng d
020 ## - INTERNATIONAL STANDARD BOOK NUMBER
International Standard Book Number 8177581171
040 ## - CATALOGING SOURCE
Transcribing agency ceme
082 ## - DEWEY DECIMAL CLASSIFICATION NUMBER
Classification number 530 YOU
100 ## - MAIN ENTRY--PERSONAL NAME
Personal name Young, Hugh.D ,Freedman, Roger.A
9 (RLIN) 61270
245 ## - TITLE STATEMENT
Title Sears and zemansky's university physics ,with modern physics
250 ## - EDITION STATEMENT
Edition statement 11TH
260 ## - PUBLICATION, DISTRIBUTION, ETC.
Place of publication, distribution, etc. RAWALPINDI
Name of publisher, distributor, etc. NATIONAL BOOK FOUNDATION
Date of publication, distribution, etc. 2007
300 ## - PHYSICAL DESCRIPTION
Extent 1900 P
650 ## - SUBJECT ADDED ENTRY--TOPICAL TERM
Topical term or geographic name entry element UNIVERSITY PHYSICS.MODERN PHYSICS
9 (RLIN) 61271
942 ## - ADDED ENTRY ELEMENTS (KOHA)
Koha item type Book
Source of classification or shelving scheme
Holdings
Withdrawn status Lost status Damaged status Not for loan Permanent Location Current Location Shelving location Date acquired Total Checkouts Full call number Barcode Date last seen Price effective from Koha item type
        College of Electrical & Mechanical Engineering (CEME) College of Electrical & Mechanical Engineering (CEME) General Stacks 07/20/2017   530 YOU CEME-42419 06/28/2021 06/28/2021 Book
© 2023 Central Library, National University of Sciences and Technology. All Rights Reserved.